[Event "Amager Aabne CC-ch"]
[Site "Copenhagen"]
[Date "2014.04.08"]
[Round "7"]
[White "Petersen, Christian Skibsted"]
[Black "Furberg, Jacob Kjaerulf"]
[Result "1/2-1/2"]
[WhiteElo "1522"]
[BlackElo "1200"]
[PlyCount "118"]
[EventDate "2014.02.04"]
[EventType "swiss"]
[EventRounds "7"]
[EventCountry "DEN"]
[SourceTitle "EXT 2025"]
[Source "ChessBase"]
[SourceDate "2024.10.14"]
[SourceVersion "1"]
[SourceVersionDate "2024.10.14"]
[SourceQuality "1"]

1. e4 c5 2. Nf3 d6 3. d4 cxd4 4. Nxd4 Nf6 5. Nc3 Nc6 6. Be3 a6 7. a3 Nxd4 8. Qxd4 g6 9. Bc4 Bg7 10. Qd2 Ng4 11. Bg5 0-0 12. f3 b5 13. Bb3 Ne5 14. Bh6 Nc4 15. Bxc4 bxc4 16. Bxg7 Kxg7 17. Qd4+ e5 18. Qxc4 Be6 19. Nd5 Rc8 20. Qd3 Bxd5 21. exd5 Qb6 22. b3 Rc5 23. g3 Rfc8 24. c4 a5 25. Ke2 a4 26. Rhb1 axb3 27. Rxb3 Qa6 28. Rc1 Rxc4 29. Rxc4 Qxc4 30. Qxc4 Rxc4 31. Rb6 Rc2+ 32. Ke3 Rxh2 33. Rxd6 Rh3 34. g4 h5 35. gxh5 gxh5 36. Kf2 h4 37. Rc6 Kf8 38. Rc7 Ke8 39. d6 Rh2+ 40. Kg1 Rd2 41. Re7+ Kf8 42. Rxe5 Rxd6 43. Kg2 Rh6 44. Kh3 Rf6 45. Kg4 Rh6 46. Re2 Kg7 47. Ra2 f5+ 48. Kh3 Kg6 49. f4 Kh5 50. a4 Rd6 51. a5 Rd3+ 52. Kh2 Kg4 53. a6 Rd8 54. a7 Ra8 55. Ra4 h3 56. Ra5 Kxf4 57. Kxh3 Ke4 58. Kg2 f4 59. Kf2 f3 1/2-1/2

[Event "Amager Aabne CC-ch"]
[Site "Copenhagen"]
[Date "2014.03.18"]
[Round "5"]
[White "Madsen, Michael Leerberg"]
[Black "Petersen, Christian Skibsted"]
[Result "0-1"]
[WhiteElo "1162"]
[BlackElo "1522"]
[PlyCount "30"]
[EventDate "2014.02.04"]
[EventType "swiss"]
[EventRounds "7"]
[EventCountry "DEN"]
[SourceTitle "EXT 2025"]
[Source "ChessBase"]
[SourceDate "2024.10.14"]
[SourceVersion "1"]
[SourceVersionDate "2024.10.14"]
[SourceQuality "1"]

1. d4 Nf6 2. c4 e5 3. d5 Bc5 4. Nc3 a6 5. e4 d6 6. Be2 Nbd7 7. Bg4 0-0 8. Bxd7 Bxd7 9. Nge2 Ng4 10. 0-0 Qh4 11. h3 Nxf2 12. Rxf2 Qxf2+ 13. Kh1 f5 14. Bd2 f4 15. Qc2 f3 0-1